Modelling and Simulation of Integrated Systems in Engineering /

This book places particular emphasis on issues of model quality and ideas of model testing and validation. Mathematical and computer-based models provide a foundation for explaining complex behaviour, decision-making, engineering design and for real-time simulators for research and training. Many en...

Full description

Bibliographic Details
Main Author: Murray-Smith, D (Author)
Corporate Author: Safari, an O'Reilly Media Company
Format: eBook
Language:English
Published: Woodhead Publishing, 2012.
Edition:1st edition.
Subjects:
Online Access:Connect to this electronic resource

MARC

Tag First Indicator Second Indicator Subfields
LEADER 00000uam a2200000 a 4500
001 in00004253233
005 20260122202854.4
006 m o d
007 cr cn
008 180414s2012 xx o eng
020 |z 9780857096050 
020 |z 9780857090782 
020 |z 085709078X 
035 |a (CaSebORM)9780857090782 
040 |d UtOrBLW 
041 0 |a eng 
100 1 |a Murray-Smith, D,  |e author. 
245 1 0 |a Modelling and Simulation of Integrated Systems in Engineering /  |c Murray-Smith, D. 
250 |a 1st edition. 
264 1 |b Woodhead Publishing,  |c 2012. 
300 |a 1 online resource (372 pages) 
336 |a text  |b txt  |2 rdacontent 
337 |a computer  |b c  |2 rdamedia 
338 |a online resource  |b cr  |2 rdacarrier 
347 |a text file 
520 |a This book places particular emphasis on issues of model quality and ideas of model testing and validation. Mathematical and computer-based models provide a foundation for explaining complex behaviour, decision-making, engineering design and for real-time simulators for research and training. Many engineering design techniques depend on suitable models, assessment of the adequacy of a given model for an intended application is therefore critically important. Generic model structures and dependable libraries of sub-models that can be applied repeatedly are increasingly important. Applications are drawn from the fields of mechanical, aeronautical and control engineering, and involve non-linear lumped-parameter models described by ordinary differential equations. Focuses on issues of model quality and the suitability of a given model for a specific application Multidisciplinary problems within engineering feature strongly in the applications The development and testing of nonlinear dynamic models is given very strong emphasis 
533 |a Electronic reproduction.  |b Boston, MA :  |c Safari,  |n Available via World Wide Web.  |d 2012. 
538 |a Mode of access: World Wide Web. 
542 |f Copyright Elsevier Science & Technology  |g 2012 
588 |a Online resource; Title from title page (viewed May 30, 2012) 
500 |a Electronic resource. 
655 7 |a Electronic books.  |2 local 
710 2 |a Safari, an O'Reilly Media Company. 
856 4 0 |u https://proxy.library.tamu.edu/login?url=https://go.oreilly.com/TAMU/library/view/-/9780857090782/?ar  |z Connect to this electronic resource  |t 0 
999 f f |s 06cc8e9b-444f-3d5c-b8d2-74cd73baa687  |i 0a518f61-34fe-30c7-889b-2fc120d832ba  |t 0 
952 f f |a Texas A&M University  |b College Station  |c Electronic Resources  |s www_evans  |d Available Online  |t 0  |h No information provided 
998 f f |t 0  |l Available Online